Sindromes Clínicos. (Registro nro. 2219)
[ vista simple ]
| 000 -LEADER | |
|---|---|
| fixed length control field | 01047nam a2200277 a 4500 |
| 005 - FECHA ULTIMA MODIFICACION | |
| control field | 20240325103351.0 |
| 008 - CAMPO DE CONTROL (LIBRO) | |
| fixed length control field | 100326t1950 ag a f||||||||||||spa d |
| 020 ## - INTERNATIONAL STANDARD BOOK NUMBER | |
| ISBN | S/N |
| 041 ## - CODIGO DE IDIOMA | |
| Código de idioma del texto/pista de sonido o título separado | spa |
| 092 ## - SIGNATURA TOPOGRAFICA DEWEY LOCAL | |
| número de clasificación | 616 |
| libristica | 65 |
| sección | PAD |
| 100 1# - ENTRADA PRINCIPAL--NOMBRE PERSONAL | |
| Nombre personal | Padilla, Tiburcio. |
| 9 (RLIN) | 1580 |
| Función | Dir. |
| 245 ## - TITULO PROPIAMENTE DICHO | |
| Título | Sindromes Clínicos. |
| Subtítulo y Título paralelo | (en esquemas) / |
| Mención de responsabilidad y remanente de la transcripción de la portada | Tiburcio Padilla |
| 250 ## - MENCION DE EDICION | |
| Mención de edición | 6a ed. |
| 260 ## - PIE DE IMPRENTA | |
| Lugar de publicación, distribución, etc | Buenos Aires: |
| Nombre de la editorial, distribuidor, etc | El Ateneo; |
| Fecha de publicación | 1950. |
| 300 ## - DESCRIPCION FISICA | |
| Extension | 75 p. |
| Otros detalles físicos | il. |
| 500 ## - NOTA GENERAL | |
| Nota general | Padilla, T. y Cossio, P. (Dir.). (1950). Síndromes Clínicos. En esquemas. (6a ed.). Buenos Aires : El Ateneo. |
| 653 ## - TÉRMINO INDIZADO - PALABRAS CLAVES | |
| Palabra clave | Sindromes circulatorios |
| 653 ## - TÉRMINO INDIZADO - PALABRAS CLAVES | |
| Palabra clave | Sindromes respiratorios |
| 653 ## - TÉRMINO INDIZADO - PALABRAS CLAVES | |
| Palabra clave | Sindromes digestivos |
| 653 ## - TÉRMINO INDIZADO - PALABRAS CLAVES | |
| Palabra clave | Sindromes nerviosos |
| 653 ## - TÉRMINO INDIZADO - PALABRAS CLAVES | |
| Palabra clave | Sindromes endocrinos |
| 653 ## - TÉRMINO INDIZADO - PALABRAS CLAVES | |
| Palabra clave | Sindromes de avitaminosos |
| 653 ## - TÉRMINO INDIZADO - PALABRAS CLAVES | |
| Palabra clave | Miscelanea: Sindrome de deshidratación. Acidosis. Alcalosis. Mieloma múltiple. Osteítis deformante. Sindrome de insuficiencia renal. Glomérulonefritis aguda (nefritis hemorrágica aguda) |
| 700 1# - ENTRADAS SECUNDARIAS - NOMBRE PERSONAL | |
| Nombre personal | Cossio, P. |
| Función | Dir. |
| 942 ## - ADDED ENTRY ELEMENTS (KOHA) | |
| Source of classification or shelving scheme | Dewey Decimal Classification |
| Item type | Libros |
| Estado de retiro | Existencia | Fuente de clasificación | Estado general | No para prestamo | Ubicación permanente | ubicación actual | Sala de ubicación | Fecha de adquisición | Fuente de adquisición | Total Checkouts | Total Renewals | Número de clasificación | Código de barras | Date last seen | Date last borrowed | Número de ejemplar | Price effective from | Koha tipo de elemento (item) | Public note |
|---|---|---|---|---|---|---|---|---|---|---|---|---|---|---|---|---|---|---|---|
| Dewey Decimal Classification | Biblioteca Medicina | Biblioteca Medicina | Circulación | 22/09/2015 | Donación Jaime Novodvoretz, Septiembre 2015 | 3 | 2 | 616 65 PAD | 3559 | 01/06/2018 | 22/05/2018 | Ej.1 | 22/09/2015 | Libros | Donación Jaime Novodvoretz, Septiembre 2015 |